[Event "CZE-ch U14 Girls"]
[Site "Teplice"]
[Date "2023.03.16"]
[Round "7"]
[White "Losenicka, Anna"]
[Black "Vaclavkova, Klara"]
[Result "1-0"]
[WhiteElo "1000"]
[BlackElo "1120"]
[PlyCount "65"]
[EventDate "2023.03.11"]
[EventType "swiss"]
[EventRounds "9"]
[EventCountry "CZE"]
[SourceTitle "CBM 213 Extra"]
[Source "ChessBase"]
[SourceDate "2023.05.31"]
[SourceVersion "1"]
[SourceVersionDate "2023.05.31"]
[SourceQuality "1"]

1. e4 e5 2. Nc3 Nf6 3. f4 exf4 4. e5 Qe7 5. d4 d6 6. Nf3 Bg4 7. Be2 Nc6 8. exf6 gxf6 9. Bxf4 0-0-0 10. 0-0 Rg8 11. Bg3 Re8 12. d5 Ne5 13. Re1 Bh6 14. Nxe5 Bxe2 15. Rxe2 fxe5 16. Bf2 Kb8 17. Qd3 Rg6 18. Rae1 Reg8 19. g3 Qh4 20. Ne4 Bf4 21. Kh1 Qh3 22. Bxa7+ Kxa7 23. gxf4 Qh5 24. Re3 Rh6 25. Qe2 Qh4 26. fxe5 Rhg6 27. Qf2 Qh6 28. Rh3+ Kb8 29. Rxh6 Rxh6 30. exd6 cxd6 31. Qxf7 Rg4 32. Qe7 Rhh4 33. Nxd6 1-0

[Event "CZE-ch U14 Girls"]
[Site "Teplice"]
[Date "2023.03.13"]
[Round "4"]
[White "Kavanova, Valentyna"]
[Black "Losenicka, Anna"]
[Result "1-0"]
[WhiteElo "1051"]
[BlackElo "1000"]
[PlyCount "75"]
[EventDate "2023.03.11"]
[EventType "swiss"]
[EventRounds "9"]
[EventCountry "CZE"]
[SourceTitle "CBM 213 Extra"]
[Source "ChessBase"]
[SourceDate "2023.05.31"]
[SourceVersion "1"]
[SourceVersionDate "2023.05.31"]
[SourceQuality "1"]

1. d4 Nf6 2. c4 g6 3. Nc3 Bg7 4. e4 d6 5. Nf3 0-0 6. Be2 e5 7. Bg5 Nc6 8. d5 Nb8 9. 0-0 a5 10. a3 c5 11. Qb1 Bd7 12. b4 axb4 13. axb4 Rxa1 14. Qxa1 cxb4 15. Nb5 Qb6 16. Be3 Qa6 17. Qxa6 bxa6 18. Nxd6 a5 19. Ra1 a4 20. Bd3 Na6 21. Nb5 a3 22. Nxe5 Nxe4 23. Bxe4 Bxe5 24. Ra2 f5 25. Bc2 Re8 26. f4 Bf6 27. Bf2 Be7 28. d6 Bf8 29. Bb3 Kg7 30. Bd4+ Kh6 31. h3 g5 32. fxg5+ Kxg5 33. Kf2 h5 34. h4+ Kxh4 35. Bf6+ Kg4 36. Bd1+ Kf4 37. g3+ Ke4 38. Bc2# 1-0